| 000 | 01792nam a2200397 i 4500 | ||
|---|---|---|---|
| 001 | ebr10755123 | ||
| 003 | CaPaEBR | ||
| 006 | m o d | ||
| 007 | cr cn||||||||| | ||
| 008 | 020712s2003 gw a ob 001 0 eng d | ||
| 020 | _a9783110896572 (e-book) | ||
| 020 | _z9783110176377 | ||
| 040 |
_aCaPaEBR _beng _erda _epn _cCaPaEBR |
||
| 035 | _a(OCoLC)861527427 | ||
| 050 | 1 | 4 |
_aQD24.M3 _bT558 2003eb |
| 100 | 1 | _aTilton, Hereward. | |
| 245 | 1 | 4 |
_aThe quest for the phoenix : _bspiritual alchemy and Rosicrucianism in the work of Count Michael Maier (1569-1622) / _cHereward Tilton. |
| 264 | 1 |
_aBerlin ; _aNew York : _bWalter de Gruyter, _c2003. |
|
| 300 |
_a1 online resource (332 pages) : _billustrations. |
||
| 336 |
_atext _2rdacontent |
||
| 337 |
_acomputer _2rdamedia |
||
| 338 |
_aonline resource _2rdacarrier |
||
| 490 | 1 |
_aArbeiten zur Kirchengeschichte ; _vBd. 88 |
|
| 504 | _aIncludes bibliographical references and index. | ||
| 588 | _aDescription based on print version record. | ||
| 590 | _aElectronic reproduction. Palo Alto, Calif. : ebrary, 2013. Available via World Wide Web. Access may be limited to ebrary affiliated libraries. | ||
| 600 | 1 | 0 |
_aMaier, Michael, _d1568?-1622. |
| 650 | 0 |
_aAlchemy _xHistory. |
|
| 650 | 0 | _aJungian psychology. | |
| 650 | 0 |
_aRosicrucians _xHistory. |
|
| 655 | 0 | _aElectronic books. | |
| 776 | 0 | 8 |
_iPrint version: _aTilton, Hereward. _tQuest for the phoenix. _dBerlin ; New York : Walter de Gruyter, 2003 _h322 pages : illustrations ; 24 cm. _kArbeiten zur Kirchengeschichte ; Bd. 88. _z9783110176377 _w(OCoLC)50572166 |
| 797 | 2 | _aebrary. | |
| 830 | 0 |
_aArbeiten zur Kirchengeschichte ; _v88. |
|
| 856 | 4 | 0 |
_uhttp://site.ebrary.com/lib/rucke/Doc?id=10755123 _zAn electronic book accessible through the World Wide Web; click to view |
| 999 |
_c117410 _d117410 |
||